A critical and exegetical commentary on the Gospel according to St. Mark.

Bibliographic Details
Main Author: Gould, Ezra P. (Ezra Palmer), 1841-1900
Format: Book
Language:English
Published: New York : Scribner, 1896.
Series:International critical commentary on the Holy Scriptures of the Old and New Testaments ; [v. 27].
International critical commentary on the Holy Scriptures of the Old and New Testaments.
Subjects:

MARC

Tag First Indicator Second Indicator Subfields
LEADER 00000cam a2200000 4500
001 in00000058087
005 20151008050959.0
008 720713s1896 eng u
035 |a (OCoLC)00355256 
035 |9 AAG4750AM 
040 |c ATO  |d TXA  |d UtOrBLW 
049 |a TXAM  |c [122409] 
090 |a BS491  |b .I6 v.27 
092 |a 226.3  |b G696c 
100 1 |a Gould, Ezra P.  |q (Ezra Palmer),  |d 1841-1900. 
245 1 2 |a A critical and exegetical commentary on the Gospel according to St. Mark. 
264 1 |a New York :  |b Scribner,  |c 1896. 
300 |a 317 pages 
336 |a text  |b txt  |2 rdacontent 
337 |a unmediated  |b n  |2 rdamedia 
338 |a volume  |b nc  |2 rdacarrier 
490 1 |a The international critical commentary 
630 0 0 |a Bible.  |p Mark  |x Criticism, interpretation, etc. 
630 0 0 |a Bible.  |p Mark  |x Commentaries. 
830 0 |a International critical commentary on the Holy Scriptures of the Old and New Testaments ;  |v [v. 27]. 
830 0 |a International critical commentary on the Holy Scriptures of the Old and New Testaments. 
999 |a MARS 
999 f f |s 8c9a5d79-69fb-33c0-b0ea-0bb0bdfacdcc  |i b11e26b2-1c96-394e-895f-903ced41b1e8  |t 0 
952 f f |p ric  |a Texas A&M University  |b Rellis Campus  |c Joint Library Facility  |d Remote Storage  |t 0  |e BS491 .I6 v.27  |h Library of Congress classification  |i unmediated -- volume  |m A14800604429 
998 f f |a BS491 .I6 v.27  |t 0  |l Remote Storage